Grainger & Allison's diagnostic radiology : (Record no. 62223)
[ view plain ]
| 000 -الفاتح | |
|---|---|
| حقل البيانات ثابتة الطول | 01010nam a22002657a 4500 |
| 005 - وقت وتاريخ اخر تعامل مع التسجيلة | |
| رقم الضبط | 20240530110539.0 |
| 008 - عناصر البيانات ثابتة الطول - معلومات عامة | |
| حقل البيانات ثابتة الطول | 160504s2015 paua|||f b||| 001 0 eng d |
| 020 ## - الرقم الدولى المعيارى للكتب | |
| الرقم الدولى المعيارى للكتاب | 9780702042959 (set) |
| 040 ## - مصدر الفهرسة | |
| وكالة الفهرسة الأصلية | EG-CaGPL |
| 082 04 - رقم تصنيف ديوى العشرى | |
| رقم التصنيف | 616.0757 / |
| رقم المادة | A G |
| رقم الطبعة | 21 |
| 245 00 - بيان العنوان | |
| العنوان | Grainger & Allison's diagnostic radiology : |
| بقية العنوان | a textbook of medical imaging / |
| بيان المسئوليه,etc | edited by Andy Adam, Adrian K. Dixon ; consulting editors, Ronald G. Grainger, David J. Allison. |
| 250 ## - بيان الطبعة | |
| بيان الطبعة | 6th ed. |
| 260 ## - PUBLICATION, DISTRIBUTION, ETC. (IMPRINT) | |
| تاريخ النشر أو التوزيع | c2015. |
| 300 ## - الوصف المادى | |
| التعداد | 2 v. : |
| تفاصيل ماديه اخرى للوعاء | ill. ; |
| أبعاد الوعاء | 29 cm. |
| 504 ## - تبصرة ببليوجرافية | |
| تبصرة ببليوجرافية,الخ | Includes bibliographical references and index. |
| 650 04 - المدخل الاضافى بالموضوع-مصطلح موضوعى | |
| مصطلح موضوعي | Radiology, Medical. |
| 650 04 - المدخل الاضافى بالموضوع-مصطلح موضوعى | |
| مصطلح موضوعي | Diagnostic imaging. |
| 650 04 - المدخل الاضافى بالموضوع-مصطلح موضوعى | |
| مصطلح موضوعي | Technology, Radiologic. |
| 700 1# - المدخل الاضافى - اسم شخصى | |
| الإسم الشخصى | Adam, Andy, |
| الدور | editor. |
| 700 1# - المدخل الاضافى - اسم شخصى | |
| الإسم الشخصى | Dixon, Adrian K., |
| الدور | editor. |
| 700 1# - المدخل الاضافى - اسم شخصى | |
| الإسم الشخصى | Grainger, Ronald G., |
| الدور | consulting editor. |
| 700 1# - المدخل الاضافى - اسم شخصى | |
| الإسم الشخصى | Allison, David J., |
| الدور | consulting editor. |
| 942 ## - عناصر المدخل الإضافي( كوها) | |
| مصدر التصنيف او مخطط الترفيف | Dewey Decimal Classification |
| Koha [default] item type | كتاب |
| 260 ## - PUBLICATION, DISTRIBUTION, ETC. (IMPRINT) | |
| -- | Philadelphia, PA : |
| -- | Churchill Livingstone Elsevier, |
| حالة التراجع | حالة الفقد | حالة تلف | ليس للاعارة | المكان المؤقت | الموقع الحالى | تاريخ الاكتساب | اجمالي اﻻعارات | رقم الطلب | الباركود | تاريخ اخر مشاهدة | تاريخ تفعيل السعر | نوع وعاء كوها |
|---|---|---|---|---|---|---|---|---|---|---|---|---|
| مكتبة القاهرة الكبرى | مكتبة القاهرة الكبرى | 05/04/2016 | 616.0757 / A G V. 1 | 161882 | 05/04/2016 | 05/04/2016 | كتاب | |||||
| مكتبة القاهرة الكبرى | مكتبة القاهرة الكبرى | 05/04/2016 | 616.0757 / A G V. 2 | 161883 | 05/04/2016 | 05/04/2016 | كتاب |

